000 00482nam a2200157 a 4500
001 000033953
005 20200930070643.0
008 110914s1937 dr 000 0 spa d
040 _aDO-SdBNP
_bspa
_cBNPHU
082 _axxxx
_bI37e
100 1 _aIncháustegui, J. Marino
_953795
245 1 0 _aEnsayo de derecho civil :
_bprimer curso /
_cJ. Marino Incháustegui.
260 _aCiudad Trujillo, República Dominicana :
_b[s. n.],
_c1937.
300 _a50 p. ;
_c21 cm.
049 _aBNPD
999 _c33444
_d33444